載入...
Physics experiments using PCs: Guide for instructors and students
| 主要作者: | |
|---|---|
| 格式: | Printed Book |
| 出版: |
USA
Springer
1993
|
| LEADER | 00402nam a22001097a 4500 | ||
|---|---|---|---|
| 082 | |a 530.07854 |b STA | ||
| 100 | |a Staudenmaier, H M, Ed. | ||
| 245 | |a Physics experiments using PCs: Guide for instructors and students | ||
| 260 | |a USA |b Springer |c 1993 | ||
| 942 | |c BK | ||
| 999 | |c 13715 |d 13715 | ||
| 952 | |0 0 |1 0 |4 0 |6 530_078540000000000_STA |7 0 |9 15911 |a CAMPUS |b CAMPUS |d 2017-07-29 |l 0 |o 530.07854 STA |p 07188 |r 2017-07-29 |w 2017-07-29 |y BK | ||